Presidential Address by Allama I I Kazi on Occassion of Extension Lecture onFaith and its Philosophical Implications on 11th Dec 1953. (Record no. 9874)

MARC details
000 -LEADER
fixed length control field 00352nam a2200109 4500
082 ## - DEWEY DECIMAL CLASSIFICATION NUMBER
Classification number KAZ
100 ## - MAIN ENTRY--AUTHOR NAME
Personal name Kazi, M.A
245 ## - TITLE STATEMENT
Title Presidential Address by Allama I I Kazi on Occassion of Extension Lecture onFaith and its Philosophical Implications on 11th Dec 1953.
260 ## - PUBLICATION, DISTRIBUTION, ETC. (IMPRINT)
Place of publication Jamshoro:
Name of publisher Allama I I Kazi Memorial,
Year of publication 1990.
300 ## - PHYSICAL DESCRIPTION
Number of Pages 17p. ;
942 ## - ADDED ENTRY ELEMENTS (KOHA)
Koha item type Books
Holdings
Withdrawn status Lost status Home library Current library Date acquired Full call number Accession Number Koha item type
    Central Library, QUEST, Nawabshah Central Library, QUEST, Nawabshah 11/09/2014 KAZ 16919 Books